| Tag |
First Indicator |
Second Indicator |
Subfields |
| LEADER |
00000cam a2200000Ia 4500 |
| 001 |
in00000037640 |
| 005 |
20151007080529.0 |
| 008 |
770208s1916 nyu 001 0 eng d |
| 035 |
|
|
|a (OCoLC)ocm37967031
|
| 035 |
|
|
|9 AAF4967AM
|
| 035 |
|
|
|a (OCoLC)37967031
|
| 040 |
|
|
|a CIN
|c CIN
|d TXA
|d UtOrBLW
|
| 049 |
|
|
|a TXAM
|
| 090 |
|
|
|a BX955
|b .V36 1916
|
| 100 |
1 |
|
|a Van Dyke, Paul,
|d 1859-1933.
|
| 245 |
1 |
4 |
|a The age of the renascence :
|b an outline of the history of the papacy from the return from Avignon to the sack of Rome, 1377-1527 /
|c by Paul Van Dyke ; with an introduction by Henry Van Dyke.
|
| 264 |
|
1 |
|a New York :
|b Charles Scribner's Sons,
|c 1916.
|
| 300 |
|
|
|a xxi, 397 pages ;
|c 19 cm.
|
| 336 |
|
|
|a text
|b txt
|2 rdacontent
|
| 337 |
|
|
|a unmediated
|b n
|2 rdamedia
|
| 338 |
|
|
|a volume
|b nc
|2 rdacarrier
|
| 490 |
1 |
|
|a Ten epochs of church history ;
|v v. 7
|
| 500 |
|
|
|a Includes index.
|
| 650 |
|
0 |
|a Papacy
|x History.
|
| 830 |
|
0 |
|a Ten epochs of church history ;
|v v. 7.
|
| 994 |
|
|
|a C0
|b TXA
|
| 999 |
|
|
|a MARS
|
| 999 |
f |
f |
|s 87c0e8ba-70d8-3623-a30e-2eeb6f79c031
|i 90080616-3fe1-33de-acf5-142e2b7b0976
|t 0
|
| 952 |
f |
f |
|p ric
|a Texas A&M University
|b Rellis Campus
|c Joint Library Facility
|d Remote Storage
|t 0
|e BX955 .V36 1916
|h Library of Congress classification
|i unmediated -- volume
|m A14800622956
|
| 998 |
f |
f |
|a BX955 .V36 1916
|t 0
|l Remote Storage
|